000 00965nam2a2200241 4500
001 RU\NLR\bibl\1176187
005 20250615090835.0
021 _aRU
_b2007-82512
_94451
035 _a(NLR Aleph) 001162836
090 _a1548448
_c1548448
100 _a20080116d2007 |||y0rusy50 ca
101 0 _aeng
_arus
102 _aRU
105 _ay |||||||||
200 0 _aЧ. 1
210 _d2007
_aБ. м.
215 _a17, [1] с.
461 0 _1001RU\NLR\bibl\1206904
_12001#$aПервые шаги в переводе$vЧ. 1
_91731422
_aГребенкина, О. С.
_cПермь
_d2007
_fО.С. Гребенкина, С.Г. Улитина
_nИзд-во Пермского государственного технического университета
_oteacher's book : учебное пособие
_tПервые шаги в переводе
_vЧ. 1
801 0 _aRU
_bNLR
_c20080116
_gRCR
801 1 _aRU
_bNLR
_c20080116
942 _cBOOK
980 _aNB